000
00240 a2200109 4500
001
62946
082
_a
358.40956 CLA
090
_c
37260
_d
37260
100
_a
Clency, Tom
245
_a
Every Man a Tiger
_h
English
260
_b
PAN Books
942
_a
CAE NUST
_k
358.40956 CLA
999
_c
298019
_d
298019